STN EN ISO 5399 Usne. Stanovenie horečnatých solí rozpustných vo vode.Titračná metóda s EDTA

Bibliographic Details
Format: Book
Language:Undetermined
PhysicalDescription:8 s.
Published: Bratislava Slovenský ústav technickej normalizácie 2000

MARC

LEADER 00000nam a2200000 a 4500
001 vtls001427697
003 SK-MaSNL
005 20260224113135.0
008 240126s2000 xo 0 und
035 |a SNK000382676 
040 |a SNK  |b slo  |c SNK  |e AACR2 
044 |a xo  |c SK 
245 1 |a STN EN ISO 5399 Usne. Stanovenie horečnatých solí rozpustných vo vode.Titračná metóda s EDTA 
260 |a Bratislava  |b Slovenský ústav technickej normalizácie  |c 2000 
300 |a 8 s. 
999 |c 985402  |d 987332 
952 |t P60, <03>, [BOOK], {603}  |a SNK  |b SNK  |y PREZ  |7 0  |p 17A0328546  |o snkSTN EN ISO 5399  |i snkN 73/2002  |0 0  |1 0  |4 0  |d 2002-01-24  |l 0  |r 2005-01-02 00:00:00  |w 2026-02-24 
952 |t P60, <04>, [BOOK], {604}  |a SNK  |b SNK  |y VYP  |7 0  |p 17A0328547  |o snkSTN EN ISO 5399 D1  |i snkN 74/2002  |0 0  |1 0  |4 0  |d 2002-01-24  |l 0  |r 2005-01-02 00:00:00  |w 2026-02-24